| 000 | 004470000a22001810004500 | ||
|---|---|---|---|
| 999 |
_c48413 _d48413 |
||
| 001 | 1242 | ||
| 003 | CO-MdFUSB | ||
| 005 | 20180307182856.0 | ||
| 008 | 170607b xxu||||| |||| 00| 0 eng d | ||
| 020 | _a85-76524-063-7 | ||
| 040 | _cCO-MdBIC | ||
| 082 | 0 | 4 | _a863C Q36cn |
| 100 | 1 | _aCoelho Carpeggian, Lieza | |
| 245 | 1 | 0 | _aLa nueva vecina / Lieza Coelho Caroeggian |
| 260 | _aBrasil : Luz e Vida | ||
| 300 | _a18 Pag. / 15 cm. | ||
| 942 | _cLGB | ||